Дело о доставлении господину военному генерал-губернатору в Санкт-Петербурге планов, проектов на строения и гидравлические работ...

Доступно только в Электронных читальных залах Найти на картеНа карте
RUSMARC
00003649nmc2a22002413x 450
0013bbbc6a6-3c31-47a6-9fb4-68bc6c95462c
00520260209085240.0
100##$a20250815l18231836k l0rusy0189 ca
1010#$arus
102##$aRU
105##$ay###
1222#$ad
2001#$aДело о доставлении господину военному генерал-губернатору в Санкт-Петербурге планов, проектов на строения и гидравлические работы
$j6 октября 1823 г. - 5 февраля 1836 г.
215##$a19 л.
$d36,5х26 см
251##$cДело
300##$aНа обложке указано: "№5. По ведомости неоконченных дел"
371##$aДокумент не является опубликованным и широко распространяемым
461#0$1001a74412a3-3cc5-4d21-8f0a-dfe2fbd9e72d
$12001
$aДепартамент народного просвещения Министерства народного просвещения (1803-1917)
$1251
$cФонд
$1852
$j733
462#0$1001a6622fb3-31f3-4f49-aac3-243f6793e8d6
$12001
$aДела Департамента народного просвещения за 1818-1862 годы
$1251
$cОпись
$1852
$j113
801#0$aRU
$bРГИА
$c20250815
$gRCR
801#1$aRU
$bГлавНИВЦ
$c20250815
$2rusmarc
801#2$aRU
$bПБ им. Б.Н. Ельцина
$c20260209
$gRCR
$2rusmarc
850##$aРГИА
852##$aРГИА
$eФедеральное казенное учреждение "Российский государственный исторический архив" (РГИА)
$j10
937##$hРГИА
$d12093923
$aASBIBLIO_SCAN
035##$aRusGRCC00089052
856##$uhttp://readingroom.main.prlib.ru/item.aspx?id_node=n200386389&mode=full
Формат отображения